=LDR 00000nam 2200000 4500 =001 INLIS000000000031132 =005 20130612133225 =008 ***********************************Ind** =035 ##$$0010-061300000031132 =041 ##$$a Ind =082 ##$$a F.Rom.K =090 ##$$a F.Rom.K, Her k =100 ##$$a Herman, Gail =245 ##$$a Keel Ajaib Dulcic , Dulcies toste of magic, Gail Herman; alih bahasa Vina Damajanti =260 ##$$a 2009 $b Jakarta =300 ##$$a 112 hlm, ilus, 20 cm =650 ##$$a Fiksi Kanak-kanak =700 ##$$a Damajanti, Vina =850 ##$$a NBPNMAT